Statistics for SWFC Trivia 2

Click here to take the quiz!

General Stats

  • This quiz has been taken 8 times
  • The average score is 6 of 10

Answer Stats

HintAnswer% Correct
Who was the most expensive player Wednesday have ever signed?Jordan Rhodes
100%
In what year was the Boxing Day Massacre.1979
75%
Which former player holds the record for fastest sending off, 13 seconds from the start of the gameKevin Pressman
75%
What stadium did SWFC play in before HillsboroughOlive grove
63%
Who was the shirt sponsor when SWFC won the league cup in 1991ASDA
63%
Who scored the first goal of the 2005 Playoff finalJon-Paul McGovern
63%
what was the name of the hotel that Sheffield Wednesday were formed in?Adelphi Hotel
50%
Who was the ever manager of SWFC?Arthur Dickinson
38%
With 560 appearances and 217 Goals, who holds the appearance and most goals scored for WednesdayAndrew Wilson
38%
What was the name of the first shirt sponsor of SWFC?Crosby Kitchens
25%

Score Distribution

Percentile by Number Answered

Percent of People with Each Score

Your Score History

You have not taken this quiz